El análisis filosófico de las nociones de pobreza y desigualdad económica /

Guardado en:
Bibliografiske detaljer
Hovedforfatter: Carvajal Villaplana, Alvaro
Format: Texto
Tags: Tilføj Tag
Ingen Tags, Vær først til at tagge denne postø!

MARC

LEADER 00000 a a2200000 04500
001 47650
003
040
100 |a Carvajal Villaplana, Alvaro  
245 |a El análisis filosófico de las nociones de pobreza y desigualdad económica /  |c Alvaro Carvajal Villaplana  
773 |a volumen48, número123, (2010), páginas 77-84  
999 |c 28723  |d 28723